| 000 | 00536nam a22001697a 4500 | ||
|---|---|---|---|
| 003 | NUST | ||
| 038 | _aMr. Zahoor | ||
| 082 | _a200 | ||
| 100 |
_aMazhar Hameed _915385 |
||
| 245 |
_aBusiness Intelligence: Self Adapting and prioritizing database algorithm based on contextual shifting of data / _cMazhar Hameed |
||
| 260 |
_aIslamabad : _bCEME - NUST, _c2016. |
||
| 300 | _a94 p. ; | ||
| 500 | _aHardcover. | ||
| 600 |
_xComputer Software Engineering - MS Thesis _915681 |
||
| 700 | _4Supervisor: Dr. Saad Rehman | ||
| 942 |
_2ddc _cTHE |
||
| 999 |
_c524582 _d524582 |
||